LEADER 01262nam2-2200397---450- 001 990003390060203316 005 20100422122225.0 010 $a978-1-60761-458-6 035 $a000339006 035 $aUSA01000339006 035 $a(ALEPH)000339006USA01 035 $a000339006 100 $a20100422d2010----km-y0itay50------ba 101 $aeng 102 $aUS 105 $aaf--||||001yy 200 1 $aClinical applications of mass spectrometry$emethods and protocols$fedited by Uttam Garg, Catherine A. Hammett-Stabler 210 $aNew York [etc.]$cHumana Press$d2010 215 $aXVI, 538 p.$cill.$d24 cm 225 2 $aMethods in molecular biology$v603 225 2 $aSpringer Protocols 410 0$12001$aSpringer Protocols 410 0$1001000336582$12001$aMethods in molecular biology$v, 603 606 0 $aEnzimi 676 $a543.0873 702 1$aGARG,$bUttam 702 1$aHAMMETT-STABLER,$bCatherine A. 801 0$aIT$bsalbc$gISBD 912 $a990003390060203316 951 $a543.0873 CLI$b5353 Farm.$c543$d00257644 959 $aBK 969 $aFAR 979 $aPAOLA$b90$c20100422$lUSA01$h1221 979 $aPAOLA$b90$c20100422$lUSA01$h1222 996 $aClinical applications of mass spectrometry$91126815 997 $aUNISA LEADER 01540nam 2200385Ia 450 001 996393734503316 005 20200824132335.0 035 $a(CKB)4940000000119300 035 $a(EEBO)2240896884 035 $a(OCoLC)ocm52211781e 035 $a(OCoLC)52211781 035 $a(EXLCZ)994940000000119300 100 $a20030509d1700 uy 0 101 0 $aeng 135 $aurbn||||a|bb| 200 10$aBishop Cozens's argument, proving, that adultery works a dissolution of the marriage$b[electronic resource] $eBeing the substance of several of Bishop Cozens his speeches in the House of Lords, upon the debate of Lord Ross's case. Taken from original papers writ in the Bishop's own hand 210 $aLondon $cPrinted by Jer. Wilkins, near Fleet-street$d1700 215 $a4 p 300 $aCaption title. 300 $aImprint from colophon. 300 $aReproduction of the original in the Bodleian Library. 330 $aeebo-0014 606 $aDivorce$xReligious aspects$xChurch of England$vEarly works to 1800 606 $aAdultery$zEngland$vEarly works to 1800 606 $aImpediments to marriage$zEngland$vEarly works to 1800 615 0$aDivorce$xReligious aspects$xChurch of England 615 0$aAdultery 615 0$aImpediments to marriage 700 $aCosin$b John$f1594-1672.$01004126 801 0$bEAE 801 1$bEAE 906 $aBOOK 912 $a996393734503316 996 $aBishop Cozens's argument, proving, that adultery works a dissolution of the marriage$92381906 997 $aUNISA LEADER 02351nam 2200625 450 001 9910810412503321 005 20230807215203.0 010 $a1-61300-285-8 010 $a1-68015-465-6 035 $a(CKB)3800000000008014 035 $a(EBL)3116875 035 $a(SSID)ssj0001384223 035 $a(PQKBManifestationID)12535613 035 $a(PQKBTitleCode)TC0001384223 035 $a(PQKBWorkID)11325124 035 $a(PQKB)11461586 035 $a(MiAaPQ)EBC3116875 035 $a(Au-PeEL)EBL3116875 035 $a(CaPaEBR)ebr10993991 035 $a(OCoLC)899566322 035 $a(EXLCZ)993800000000008014 100 $a20141222h20152015 uy 0 101 0 $aeng 135 $aur|n|---||||| 181 $ctxt 182 $cc 183 $acr 200 10$aOn-site generation of hypochlorite /$fAmerican Water Works Association 205 $aFirst edition. 210 1$aDenver, Colorado :$cAmerican Water Works Association,$d2015. 210 4$dİ2015 215 $a1 online resource (173 p.) 225 1 $aManual of Water Supply Practices ;$vM65 300 $aDescription based upon print version of record. 311 $a1-62576-026-4 320 $aIncludes bibliographical references at the end of each chapters and index. 327 $a""Front Cover ""; ""Contents""; ""Overview""; ""Standards and Regulations""; ""Electrolytic Cell Reactions and Principles of Operation""; ""Inorganic DBP Formation in Hypochlorite Solution Generation and Storage""; ""Overview of Commercially Available OSG Systems""; ""Design and Installation Considerations""; ""Operational Experiences: Utility Case Studies""; ""Economic Review of Three Hypochlorite Options""; ""Tables"" 410 0$aAWWA manual ;$vM65. 606 $aHypochlorinators 606 $aWater$xPurification$xDisinfection 606 $aSewage$xPurification$xDisinfection 606 $aSodium hypochlorite 615 0$aHypochlorinators. 615 0$aWater$xPurification$xDisinfection. 615 0$aSewage$xPurification$xDisinfection. 615 0$aSodium hypochlorite. 676 $a628.1/662 712 02$aAmerican Water Works Association. 801 0$bMiAaPQ 801 1$bMiAaPQ 801 2$bMiAaPQ 906 $aBOOK 912 $a9910810412503321 996 $aOn-site generation of hypochlorite$94002715 997 $aUNINA